Algebra
محفوظ في:
| المؤلف الرئيسي: | |
|---|---|
| التنسيق: | كتاب |
| اللغة: | الإسبانية |
| منشور في: |
Madrid
Ediciones y Distribuciones Codice S. A
1981
|
| الموضوعات: | |
| الوسوم: |
إضافة وسم
لا توجد وسوم, كن أول من يضع وسما على هذه التسجيلة!
|
MARC
| LEADER | 00000cam a2200000 a 4500 | ||
|---|---|---|---|
| 001 | UCF8476 | ||
| 003 | CL-VaPUC | ||
| 008 | 130829e19810000sp |||||||||||||||||spa|d | ||
| 020 | |a 8435700623 | ||
| 082 | 0 | 4 | |a 512 |b BAL |2 21 |
| 100 | 0 | |a Baldor, Aurelio |e author |9 570559 | |
| 245 | 1 | 0 | |a Algebra |
| 300 | |a 576 p | ||
| 942 | |c BK | ||
| 945 | |d 20130829 16:45:00 |a dcastane | ||
| 260 | |a Madrid |b Ediciones y Distribuciones Codice S. A |c 1981 | ||
| 650 | 0 | |a Álgebra |9 259567 | |
| 650 | 0 | |a Funciones (Matemáticas) |9 338128 | |
| 650 | 0 | |a Ecuaciones |9 260137 | |
| 583 | |a last modification |c 20130829 16:45:00 |k Rodrigo Vera | ||
| 999 | |c 353047 |d 353045 | ||